A bela ou a fera (Record no. 48608)

MARC details
000 -LÍDER
campo de controle de tamanho fixo 00304 a2200145 4500
001 - NÚMERO DE CONTROLE
campo de controle 48608
040 ## - FONTE DA CATALOGAÇÃO
Instituição que transcreveu o registro Anchieta - Bela Vista
100 ## - ENTRADA PRINCIPAL--NOME PESSOAL
Nome pessoal Flora, Ana
240 10 - TÍTULO UNIFORME
Título uniforme A bela ou a fera
Idioma da obra por
245 10 - TÍTULO
Título A bela ou a fera
300 ## - DESCRIÇÃO FÍSICA
Extensão 100
362 0# - DATAS DE PUBLICAÇÃO E/OU DESIGNAÇÃO SEQUENCIAL
Datas de publicação e/ou designação sequencial 2016
650 #4 - ASSUNTO--TERMO TÓPICO
Cabeçalho tópico ou nome geográfico Literatura juvenil
942 ## - ELEMENTOS DE ENTRADA ADICIONADOS (KOHA)
Tipo de material Koha Livros
Holdings
Situação do descarte Situação das perdas Situação física Não pode ser emprestado Biblioteca de origem Biblioteca atual Data de aquisição Total de empréstimos Número de chamada completo Código de barras Data de último acesso Data do preço efetivo Tipo de material Koha
        Colégio Anchieta - Bela Vista Colégio Anchieta - Bela Vista 21/11/2023   LJ 028.5 F632b FLO BEL 736/BEL 21/11/2023 21/11/2023 Livros